| 000 | 00660nam a2200217 a 4500 | ||
|---|---|---|---|
| 005 | 20240924071112.0 | ||
| 008 | 991125s1960 mx 000 0 spa u | ||
| 035 | _aUPN01000008695 | ||
| 049 | _aSEP | ||
| 050 | 4 |
_aPQ6431 R8 _bC6.4 |
|
| 100 | 1 |
_aRuiz de Alarcón, Juan, _d1580?-1639 |
|
| 245 | 1 | 0 |
_aComedias / _cJuan Ruiz de Alarcón. |
| 260 |
_aMéxico : _bSEP, _c1960. |
||
| 300 | _av. | ||
| 440 | 0 |
_aBiblioteca del maestro ; _v15 |
|
| 500 | _aLa biblioteca tiene el tomo 1 | ||
| 505 | 8 |
_aContenido : _gtomo 1: _tLas paredes oye, la verdad sospechosa |
|
| 650 | 4 |
_aLiteratura española _95069 |
|
| 650 | 0 |
_aTeatro español _y1500-1700 _97208 |
|
| 905 | _aLibro | ||
| 999 |
_c8695 _d8695 |
||